[Event "Baden-ch 94th"]
[Site "Forst"]
[Date "2022.10.01"]
[Round "2"]
[White "Thiercelin, Jerome"]
[Black "Schlenker, Joerg"]
[Result "0-1"]
[WhiteElo "2043"]
[BlackElo "2152"]
[PlyCount "110"]
[EventDate "2022.09.30"]
[EventType "swiss"]
[EventRounds "7"]
[EventCountry "GER"]
[SourceTitle "CBM 210 Extra"]
[Source "ChessBase"]
[SourceDate "2022.11.30"]
[SourceVersion "1"]
[SourceVersionDate "2022.11.30"]
[SourceQuality "1"]

1. d4 g6 2. c4 Bg7 3. Nc3 d6 4. e4 Nd7 5. Nf3 e6 6. Bd3 Ne7 7. Be3 b6 8. Qd2 h6 9. Rc1 g5 10. Ng1 f5 11. f3 Nf6 12. b4 a5 13. a3 axb4 14. axb4 e5 15. d5 fxe4 16. fxe4 Ng6 17. c5 bxc5 18. bxc5 0-0 19. c6 Nf4 20. Bf1 Ng4 21. g3 Nh5 22. Bg2 Qf6 23. Nge2 Qg6 24. h3 Nxe3 25. Qxe3 g4 26. hxg4 Bxg4 27. Bh3 Rf3 28. Bxg4 Rxe3 29. Bxh5 Qg5 30. Kf2 Rf8+ 31. Kg2 Bf6 32. Rcf1 Be7 33. Rxf8+ Bxf8 34. Bf3 Be7 35. Rh5 Qg6 36. Rh1 Bg5 37. Bh5 Qg7 38. Bg4 Kf8 39. Bf3 Rd3 40. Ra1 Qf7 41. Rf1 Kg7 42. Nb5 Rb3 43. Bg4 Qxf1+ 44. Kxf1 Rxb5 45. Ng1 Rb1+ 46. Kg2 Kf6 47. Nf3 Rb2+ 48. Kh3 Rf2 49. Ne1 Kg6 50. Bd7 h5 51. Be8+ Kh6 52. Ng2 Re2 53. g4 hxg4+ 54. Kxg4 Rxg2+ 55. Kf5 Be3 0-1

[Event "Pfalz op 10th"]
[Site "Neustadt an der Weinstrasse"]
[Date "2019.03.05"]
[Round "8"]
[White "Yi, Danny"]
[Black "Schlenker, Joerg"]
[Result "1-0"]
[WhiteElo "2059"]
[BlackElo "2200"]
[PlyCount "80"]
[EventDate "2019.03.01"]
[EventType "swiss"]
[EventRounds "9"]
[EventCountry "GER"]
[SourceTitle "CBM 189 Extra"]
[Source "ChessBase"]
[SourceDate "2019.06.03"]
[SourceVersion "1"]
[SourceVersionDate "2019.06.03"]
[SourceQuality "1"]

1. e4 d6 2. d4 Nf6 3. Bd3 e5 4. c3 Nc6 5. Nf3 h6 6. 0-0 g5 7. Be3 Bg7 8. Na3 a6 9. Nc2 Bd7 10. Rb1 Qe7 11. Nd2 Ng4 12. d5 Nd8 13. Re1 0-0 14. Nf1 f5 15. exf5 Nf6 16. Ng3 Nf7 17. c4 Rae8 18. Bd2 Qd8 19. Nh5 e4 20. Nxf6+ Qxf6 21. Bxe4 Bxf5 22. Bxf5 Qxf5 23. Be3 g4 24. Nd4 Bxd4 25. Qxd4 Re4 26. Qc3 Ne5 27. Bd4 c5 28. dxc6 Nxc6 29. Rxe4 Qxe4 30. Rd1 h5 31. Qe3 Qf5 32. Bc3 Ne5 33. Rxd6 Re8 34. Qc1 Rf8 35. Qd2 Nf7 36. Rd5 Qb1+ 37. Qd1 Qxa2 38. Rxh5 Qxc4 39. Rh4 Rd8 40. Rxg4+ Kh7 1-0

[Event "Pfalz op 10th"]
[Site "Neustadt an der Weinstrasse"]
[Date "2019.03.04"]
[Round "6"]
[White "Boder, Jan"]
[Black "Schlenker, Joerg"]
[Result "1/2-1/2"]
[WhiteElo "2074"]
[BlackElo "2200"]
[PlyCount "41"]
[EventDate "2019.03.01"]
[EventType "swiss"]
[EventRounds "9"]
[EventCountry "GER"]
[SourceTitle "CBM 189 Extra"]
[Source "ChessBase"]
[SourceDate "2019.06.03"]
[SourceVersion "1"]
[SourceVersionDate "2019.06.03"]
[SourceQuality "1"]

1. b3 e5 2. Bb2 d6 3. g3 c6 4. Bg2 Be6 5. c4 Nd7 6. e3 h5 7. h4 Be7 8. Ne2 f6 9. d4 Bf7 10. Nbc3 Nh6 11. Qc2 Ng4 12. Bf3 Qc7 13. Bxg4 hxg4 14. Qf5 Bh5 15. d5 c5 16. Qd3 Nf8 17. e4 0-0-0 18. Nd1 Nh7 19. Ne3 Rdf8 20. b4 cxb4 21. a3 1/2-1/2

[Event "Baden-ch playoff 2-4"]
[Site "Schuttern"]
[Date "2018.09.15"]
[Round "2"]
[White "Buecker, Stefan"]
[Black "Schlenker, Joerg"]
[Result "1-0"]
[WhiteElo "2280"]
[BlackElo "2158"]
[PlyCount "111"]
[EventDate "2018.09.14"]
[EventType "tourn"]
[EventRounds "3"]
[EventCountry "GER"]
[SourceTitle "EXT 2019"]
[Source "ChessBase"]
[SourceDate "2018.10.10"]
[SourceVersion "1"]
[SourceVersionDate "2018.10.10"]
[SourceQuality "1"]

1. e4 c5 2. Nc3 g6 3. g3 Bg7 4. Bg2 Nc6 5. d3 e6 6. Be3 b6 7. Nge2 Nf6 8. h3 Bb7 9. 0-0 0-0 10. f4 d5 11. Bf2 d4 12. Nb1 e5 13. Nd2 Qc7 14. Kh1 Rad8 15. Bg1 Nd7 16. f5 b5 17. b3 Bh6 18. Rf3 f6 19. Nf1 Ne7 20. g4 c4 21. a3 cxb3 22. cxb3 Rc8 23. Ra2 a5 24. h4 Kh8 25. Nfg3 Qd6 26. fxg6 hxg6 27. Bh3 Qe6 28. Rb2 Nc5 29. Kh2 Qg8 30. Qf1 Rc6 31. Qb1 Ne6 32. Rc2 Rxc2 33. Qxc2 Rc8 34. Qb2 Bg7 35. Bf2 Rc6 36. Qd2 Nc5 37. Qxa5 Qxb3 38. g5 f5 39. Qd8+ Ng8 40. Nxf5 gxf5 41. Bxf5 Qf7 42. Ng3 Qe7 43. Qa5 Nb3 44. Qe1 Rc2 45. Qd1 Nd2 46. Qxc2 Nxf3+ 47. Kh3 Nxg5+ 48. hxg5 Qxg5 49. Qc7 Qh6+ 50. Kg2 Qc6 51. Qf7 Nh6 52. Qe7 Nxf5 53. Nxf5 Bf6 54. Qf8+ Kh7 55. Qf7+ Kh8 56. Nh6 1-0

[Event "Baden-ch"]
[Site "Sasbach"]
[Date "2018.07.26"]
[Round "2"]
[White "Schlenker, Joerg"]
[Black "Schwing, Hans Elmar"]
[Result "1/2-1/2"]
[WhiteElo "2158"]
[BlackElo "2316"]
[PlyCount "73"]
[EventDate "2018.07.25"]
[EventType "swiss"]
[EventRounds "7"]
[EventCountry "GER"]
[SourceTitle "CBM 186 Extra"]
[Source "ChessBase"]
[SourceDate "2018.08.24"]
[SourceVersion "1"]
[SourceVersionDate "2018.08.24"]
[SourceQuality "1"]

1. Nf3 Nf6 2. d4 e6 3. Bg5 c5 4. e3 Qb6 5. Bxf6 gxf6 6. b3 d5 7. Bd3 Nc6 8. 0-0 Bd7 9. Nc3 cxd4 10. Na4 Qa5 11. exd4 b5 12. Nc5 Bxc5 13. dxc5 b4 14. Qd2 Qxc5 15. Qh6 Ke7 16. Rfe1 Rag8 17. Rad1 a5 18. Qh5 Rg7 19. g3 h6 20. Kg2 Kf8 21. h3 Be8 22. Qh4 f5 23. Qf4 h5 24. h4 Rg4 25. Qc7 f4 26. Ng5 fxg3 27. fxg3 Qe7 28. Qxe7+ Kxe7 29. Rc1 Kd6 30. c3 bxc3 31. Rxc3 Rb4 32. Bc2 Nd4 33. Rc8 Kd7 34. Rc5 Kd6 35. Rc8 Kd7 36. Rc5 Kd6 37. Rc8 1/2-1/2

[Event "Pfalz op-A 9th"]
[Site "Neustadt an der Weinstrasse"]
[Date "2018.02.12"]
[Round "7"]
[White "Harff, Marcel"]
[Black "Schlenker, Joerg"]
[Result "1-0"]
[WhiteElo "2410"]
[BlackElo "2162"]
[PlyCount "57"]
[EventDate "2018.02.09"]
[EventType "swiss"]
[EventRounds "9"]
[EventCountry "GER"]
[SourceTitle "CBM 182 Extra"]
[Source "ChessBase"]
[SourceDate "2018.02.23"]
[SourceVersion "1"]
[SourceVersionDate "2018.02.23"]
[SourceQuality "1"]

1. c4 g6 2. Nf3 Bg7 3. d4 c5 4. e3 Nf6 5. Nc3 0-0 6. Be2 b6 7. 0-0 d6 8. b3 Nc6 9. Bb2 Bf5 10. Nh4 Bd7 11. d5 Nb4 12. a3 Na6 13. Qc2 Nc7 14. e4 a6 15. h3 b5 16. Rae1 e5 17. dxe6 Nxe6 18. Nf3 b4 19. axb4 cxb4 20. Na2 Nc5 21. e5 dxe5 22. Bxe5 Qb6 23. Rd1 Nfe4 24. Bxg7 Kxg7 25. Rxd7 Nxd7 26. Qxe4 Nc5 27. Qd4+ f6 28. Nc1 a5 29. Nd3 1-0

[Event "GER Cup 1617 final"]
[Site "Niederhausen"]
[Date "2017.06.16"]
[Round "4.6"]
[White "Schlenker, Joerg"]
[Black "Seyfried, Claus"]
[Result "1/2-1/2"]
[WhiteElo "2165"]
[BlackElo "2136"]
[PlyCount "123"]
[EventDate "2017.06.15"]
[EventType "swiss"]
[EventRounds "5"]
[EventCountry "GER"]
[SourceTitle "EXT 2019"]
[Source "ChessBase"]
[SourceDate "2018.10.10"]
[SourceVersion "1"]
[SourceVersionDate "2018.10.10"]
[SourceQuality "1"]

1. e4 e5 2. Nf3 Nc6 3. Bb5 a6 4. Ba4 Nf6 5. Qe2 Be7 6. c3 b5 7. Bb3 0-0 8. 0-0 d5 9. d3 Bb7 10. Bg5 d4 11. Nbd2 Nh5 12. g4 Bxg5 13. gxh5 Bf4 14. Kh1 Qd7 15. Rg1 Qh3 16. Nf1 dxc3 17. bxc3 Na5 18. Ng5 Bxg5 19. Rxg5 Nxb3 20. axb3 f5 21. Ng3 h6 22. Rg6 f4 23. Rg1 Rad8 24. f3 fxg3 25. R1xg3 Qd7 26. Qe3 Rf7 27. Qxh6 Qe7 28. Re6 Rd6 29. Rxe7 Rxh6 30. Rxe5 Rd6 31. d4 b4 32. cxb4 Rxd4 33. h6 Kh7 34. b5 gxh6 35. bxa6 Bxa6 36. Re6 Rd6 37. Re8 Bb5 38. Re5 Be2 39. f4 Rd1+ 40. Kg2 Bf1+ 41. Kf3 Rd3+ 42. Kg4 Be2+ 43. Kh3 Bf1+ 44. Kg4 Rd2 45. f5 Rxh2 46. Kf4 Rd7 47. Re8 Rh4+ 48. Ke5 Bd3 49. Re3 Kg7 50. b4 Kf7 51. Re6 Rd6 52. Rxd6 cxd6+ 53. Kd5 Ba6 54. Kxd6 Kf6 55. Kd5 Bb7+ 56. Kd4 Bc6 57. b5 Bxb5 58. Kd5 Ba6 59. Rb3 Bc4+ 60. Kxc4 Rxe4+ 61. Kc3 Kxf5 62. Rb6 1/2-1/2

[Event "GER Cup 1617 final"]
[Site "Niederhausen"]
[Date "2017.06.15"]
[Round "1.10"]
[White "Bendfeldt, Tim"]
[Black "Schlenker, Joerg"]
[Result "0-1"]
[WhiteElo "2076"]
[BlackElo "2165"]
[PlyCount "92"]
[EventDate "2017.06.15"]
[EventType "swiss"]
[EventRounds "5"]
[EventCountry "GER"]
[SourceTitle "EXT 2019"]
[Source "ChessBase"]
[SourceDate "2018.10.10"]
[SourceVersion "1"]
[SourceVersionDate "2018.10.10"]
[SourceQuality "1"]

1. d4 g6 2. Bf4 Bg7 3. e3 d6 4. Nf3 Nf6 5. Be2 0-0 6. 0-0 Nh5 7. Bg5 Qe8 8. Nfd2 Nf6 9. c3 e5 10. Re1 Nc6 11. a4 Bd7 12. Na3 a6 13. b4 Nd8 14. Nac4 Nd5 15. Ra3 Ne6 16. Bh4 exd4 17. exd4 Bxa4 18. Qc1 Ndf4 19. Bf1 d5 20. Bg3 Qd7 21. Nf3 Bh6 22. Nce5 Qd8 23. Qb1 Bb5 24. Bxb5 axb5 25. Rxa8 Qxa8 26. Nd7 Rd8 27. Nf6+ Kf8 28. Ng4 Bg7 29. Bh4 Rd6 30. g3 Nh5 31. Qc1 Qc8 32. Ne3 Bh6 33. g4 Nhf4 34. g5 Bxg5 35. Nxg5 Nxg5 36. Bxg5 Nh3+ 37. Kh1 Nxg5 38. Ng2 Ne4 39. f3 Nf2+ 40. Kg1 Nh3+ 41. Kf1 Kg8 42. Re5 Rf6 43. Qe3 Qg4 44. Ne1 Qf4 45. Qe2 Qc1 46. Re3 Nf4 0-1

[Event "Baden-ch"]
[Site "Waldshut Tiengen"]
[Date "2014.06.21"]
[Round "9"]
[White "Schmitt, Christian"]
[Black "Schlenker, Joerg"]
[Result "1-0"]
[WhiteElo "2170"]
[BlackElo "2229"]
[PlyCount "63"]
[EventDate "2014.06.14"]
[EventType "tourn"]
[EventRounds "9"]
[EventCountry "GER"]
[SourceTitle "CBM 160 Extra"]
[Source "ChessBase"]
[SourceDate "2014.07.01"]
[SourceVersion "1"]
[SourceVersionDate "2014.07.01"]
[SourceQuality "1"]

1. e4 g6 2. d3 Bg7 3. Nd2 d6 4. g3 h5 5. Bg2 h4 6. gxh4 e5 7. Ndf3 Nc6 8. c3 d5 9. Ng5 d4 10. Ne2 Rxh4 11. cxd4 Rg4 12. Nxf7 Kxf7 13. Qb3+ Kf8 14. Bh3 Rh4 15. Bxc8 Qxc8 16. d5 Nd4 17. Nxd4 exd4 18. Bg5 Rh3 19. 0-0-0 a5 20. Kb1 a4 21. Qb4+ Ke8 22. f4 c5 23. dxc6 Qxc6 24. Rc1 Qd7 25. Rc5 Bf8 26. Re5+ Ne7 27. f5 Qc7 28. Re6 Ra6 29. Rc1 Qd7 30. Rc8+ Kf7 31. Rxf8+ Kxf8 32. Rxe7 1-0

[Event "Baden-ch"]
[Site "Waldshut Tiengen"]
[Date "2014.06.19"]
[Round "7"]
[White "Schlenker, Joerg"]
[Black "Wind, Lutz"]
[Result "1-0"]
[WhiteElo "2229"]
[BlackElo "2155"]
[PlyCount "51"]
[EventDate "2014.06.14"]
[EventType "tourn"]
[EventRounds "9"]
[EventCountry "GER"]
[SourceTitle "CBM 160 Extra"]
[Source "ChessBase"]
[SourceDate "2014.07.01"]
[SourceVersion "1"]
[SourceVersionDate "2014.07.01"]
[SourceQuality "1"]

1. d4 g6 2. e4 Bg7 3. Nc3 d6 4. Be3 a6 5. a4 b6 6. Be2 e6 7. Qd2 h6 8. f4 Ne7 9. h4 h5 10. Nf3 Nd7 11. d5 exd5 12. Nxd5 Nf6 13. Nxf6+ Bxf6 14. 0-0-0 Qd7 15. Kb1 Qxa4 16. e5 Bg7 17. b3 Qa3 18. Bd4 Nf5 19. Bb2 Qc5 20. Nd4 dxe5 21. b4 Qd6 22. fxe5 Qxe5 23. Bb5+ Kf8 24. Rhe1 axb5 25. Rxe5 Bxe5 26. Nxf5 1-0

[Event "Baden-ch"]
[Site "Waldshut Tiengen"]
[Date "2014.06.16"]
[Round "4"]
[White "Tschann, Stephan"]
[Black "Schlenker, Joerg"]
[Result "1-0"]
[WhiteElo "2250"]
[BlackElo "2229"]
[PlyCount "37"]
[EventDate "2014.06.14"]
[EventType "tourn"]
[EventRounds "9"]
[EventCountry "GER"]
[SourceTitle "CBM 160 Extra"]
[Source "ChessBase"]
[SourceDate "2014.07.01"]
[SourceVersion "1"]
[SourceVersionDate "2014.07.01"]
[SourceQuality "1"]

1. Nf3 g6 2. e4 c5 3. c4 Bg7 4. d4 cxd4 5. Nxd4 Qb6 6. Nb3 Nc6 7. Be3 Qc7 8. Qd2 Nf6 9. Nc3 Ng4 10. Bf4 d6 11. c5 Be6 12. cxd6 Qb6 13. d7+ Kf8 14. Nd5 Bxd5 15. exd5 Nd4 16. Rc1 e5 17. dxe6 fxe6 18. Bc7 Bh6 19. f4 1-0

[Event "Baden-ch"]
[Site "Waldshut Tiengen"]
[Date "2014.06.15"]
[Round "3"]
[White "Schlenker, Joerg"]
[Black "Meijers, Viesturs"]
[Result "1/2-1/2"]
[WhiteElo "2229"]
[BlackElo "2477"]
[PlyCount "152"]
[EventDate "2014.06.14"]
[EventType "tourn"]
[EventRounds "9"]
[EventCountry "GER"]
[SourceTitle "CBM 160 Extra"]
[Source "ChessBase"]
[SourceDate "2014.07.01"]
[SourceVersion "1"]
[SourceVersionDate "2014.07.01"]
[SourceQuality "1"]

1. e4 c5 2. Nf3 e6 3. Nc3 a6 4. a4 b6 5. g3 Bb7 6. Bg2 Nf6 7. d3 d5 8. exd5 Nxd5 9. 0-0 Be7 10. Nxd5 Bxd5 11. d4 Nd7 12. Be3 Qc7 13. dxc5 Nxc5 14. b3 Rd8 15. Qe2 Qb7 16. Bxc5 Bxc5 17. Rfd1 0-0 18. h4 a5 19. Rd3 Be4 20. Rxd8 Rxd8 21. Re1 Bc6 22. Kh2 h6 23. Rg1 b5 24. Ne5 Bxg2 25. Rxg2 bxa4 26. bxa4 Rd4 27. Qb5 Qxb5 28. axb5 a4 29. c3 Rd2 30. Nc4 Rc2 31. f4 Rxc3 32. Nb2 Ra3 33. b6 Ra2 34. b7 Ba7 35. Nxa4 Rxa4 36. Rb2 Kh7 37. b8Q Bxb8 38. Rxb8 Ra2+ 39. Kh3 h5 40. Rb5 Kg6 41. Rg5+ Kh6 42. Rb5 Re2 43. Ra5 f6 44. Rb5 Kg6 45. Ra5 e5 46. fxe5 fxe5 47. Ra6+ Kf5 48. Ra7 g6 49. Ra8 Rd2 50. Rf8+ Ke6 51. Re8+ Kf6 52. Rf8+ Ke7 53. Rf3 Ke6 54. Rf8 e4 55. Re8+ Kf5 56. Re7 Rd6 57. Kg2 Re6 58. Ra7 Rd6 59. Ra5+ Kf6 60. Kf2 Rd2+ 61. Kf1 Rb2 62. Rc5 Rb3 63. Kg2 Ke6 64. Ra5 Rb2+ 65. Kf1 Rd2 66. Rg5 Kf6 67. g4 hxg4 68. Rxg4 e3 69. Re4 Rf2+ 70. Kg1 Re2 71. Kf1 Rh2 72. Rxe3 Rxh4 73. Kg2 Kf5 74. Ra3 Re4 75. Rb3 g5 76. Rf3+ Rf4 1/2-1/2

[Event "Baden-ch"]
[Site "Waldshut Tiengen"]
[Date "2014.06.14"]
[Round "2"]
[White "Riehle, Marco"]
[Black "Schlenker, Joerg"]
[Result "1/2-1/2"]
[WhiteElo "1905"]
[BlackElo "2229"]
[PlyCount "57"]
[EventDate "2014.06.14"]
[EventType "tourn"]
[EventRounds "9"]
[EventCountry "GER"]
[SourceTitle "CBM 160 Extra"]
[Source "ChessBase"]
[SourceDate "2014.07.01"]
[SourceVersion "1"]
[SourceVersionDate "2014.07.01"]
[SourceQuality "1"]

1. e4 e5 2. Nf3 Nc6 3. Bc4 g6 4. d4 exd4 5. c3 d3 6. Bg5 Be7 7. Bf4 g5 8. Nxg5 Bxg5 9. Qh5 Qe7 10. Bxg5 Qxe4+ 11. Kd1 Qe2+ 12. Qxe2+ dxe2+ 13. Kxe2 Nge7 14. Re1 Rg8 15. Bf4 d6 16. Kf1 Rg4 17. g3 Bf5 18. Na3 f6 19. f3 Rg7 20. Nb5 0-0-0 21. Nd4 Nxd4 22. cxd4 d5 23. Bb3 h5 24. Rac1 Ng6 25. Bd2 Re7 26. Rxe7 Nxe7 27. Bc2 Bxc2 28. Rxc2 Nf5 29. Bf4 1/2-1/2

[Event "GER-ch 84th"]
[Site "Saarbruecken"]
[Date "2013.09.13"]
[Round "8"]
[White "Schlenker, Joerg"]
[Black "Braun, Vitali"]
[Result "1-0"]
[WhiteElo "2217"]
[BlackElo "2403"]
[PlyCount "71"]
[EventDate "2013.09.06"]
[EventType "swiss"]
[EventRounds "9"]
[EventCountry "GER"]
[SourceTitle "CBM 156 Extra"]
[Source "ChessBase"]
[SourceDate "2013.10.22"]
[SourceVersion "1"]
[SourceVersionDate "2013.10.22"]
[SourceQuality "1"]

1. e4 g6 2. d4 Bg7 3. Be3 d6 4. Nc3 a6 5. a4 b6 6. Be2 Bb7 7. f4 e6 8. Bf3 Ne7 9. g4 Nd7 10. h4 c5 11. h5 Qc7 12. h6 Bxd4 13. Bxd4 cxd4 14. Qxd4 e5 15. Qd2 exf4 16. 0-0-0 0-0-0 17. Qxf4 Ne5 18. Kb1 Kb8 19. Qf6 Rhf8 20. Rh3 Bc8 21. Rg3 Be6 22. Be2 Ka7 23. g5 Rc8 24. Qf1 Bc4 25. b3 Bxe2 26. Ngxe2 d5 27. Nd4 Kb7 28. exd5 Qd6 29. Qg2 Rfd8 30. Rd2 Kb8 31. Re3 Rxc3 32. Rxc3 Nxd5 33. Rg3 Qb4 34. Qe2 Ka7 35. Qxe5 Qxd2 36. Nc6+ 1-0

[Event "GER-ch 84th"]
[Site "Saarbruecken"]
[Date "2013.09.12"]
[Round "7"]
[White "Schleining, Zoya"]
[Black "Schlenker, Joerg"]
[Result "1-0"]
[WhiteElo "2377"]
[BlackElo "2217"]
[PlyCount "133"]
[EventDate "2013.09.06"]
[EventType "swiss"]
[EventRounds "9"]
[EventCountry "GER"]
[SourceTitle "CBM 156 Extra"]
[Source "ChessBase"]
[SourceDate "2013.10.22"]
[SourceVersion "1"]
[SourceVersionDate "2013.10.22"]
[SourceQuality "1"]

1. d4 g6 2. e4 Bg7 3. Nc3 c5 4. d5 d6 5. Bb5+ Nd7 6. a4 a6 7. Be2 Qa5 8. Bd2 Qc7 9. Nf3 Ngf6 10. h3 h6 11. Qc1 Nf8 12. h4 Bd7 13. Ra3 Ng4 14. h5 g5 15. a5 Nf6 16. Nh2 e6 17. Nf1 exd5 18. Nxd5 Nxd5 19. exd5 Nh7 20. Ng3 0-0-0 21. 0-0 f5 22. Bd3 Rdf8 23. f4 c4 24. Bc3 Rhg8 25. Bxc4 Bxc3 26. Rxc3 Kb8 27. Bb5 Qd8 28. Bxd7 Qxd7 29. Qe3 Nf6 30. Qe6 Qxe6 31. dxe6 gxf4 32. e7 Re8 33. Nxf5 Rg5 34. Nxd6 Rxe7 35. Rc8+ Ka7 36. Rf8 Re2 37. Rf2 Re1+ 38. Rf1 Re2 39. Nc8+ Kb8 40. Nb6+ Kc7 41. Rxf4 Rexg2+ 42. Kf1 Nxh5 43. Rc4+ Kd6 44. Rd8+ Ke6 45. Re8+ Kf7 46. Rb8 Rg1+ 47. Ke2 Ng3+ 48. Kf2 Nh1+ 49. Ke3 Re1+ 50. Kd2 Re7 51. Rh4 Rg2+ 52. Kc3 Ng3 53. Rxh6 Kg7 54. Rh4 Ne4+ 55. Rxe4 Rxe4 56. Rxb7+ Kg8 57. Nc4 Ree2 58. Rb6 Rg3+ 59. Kb4 Rxc2 60. Rxa6 Rg4 61. b3 Rg3 62. Rb6 Kf7 63. a6 Rg8 64. a7 Ra2 65. Rb7+ Ke6 66. Rb8 Kf7 67. Rxg8 1-0

[Event "GER-ch 84th"]
[Site "Saarbruecken"]
[Date "2013.09.06"]
[Round "1"]
[White "Lubbe, Nikolas"]
[Black "Schlenker, Joerg"]
[Result "1-0"]
[WhiteElo "2432"]
[BlackElo "2217"]
[PlyCount "101"]
[EventDate "2013.09.06"]
[EventType "swiss"]
[EventRounds "9"]
[EventCountry "GER"]
[SourceTitle "CBM 156 Extra"]
[Source "ChessBase"]
[SourceDate "2013.10.22"]
[SourceVersion "1"]
[SourceVersionDate "2013.10.22"]
[SourceQuality "1"]

1. d4 g6 2. Nf3 Bg7 3. g3 d6 4. Bg2 Nc6 5. d5 Nb8 6. 0-0 Nf6 7. c4 0-0 8. Nc3 Nbd7 9. Nd4 a5 10. b3 Nc5 11. Bb2 Bd7 12. a3 Qc8 13. b4 Na6 14. Nc2 Bh3 15. Na4 Bxg2 16. Kxg2 Qd7 17. b5 Nc5 18. Nxc5 dxc5 19. Bxf6 Bxf6 20. Rb1 h5 21. e4 Rad8 22. Qe1 b6 23. e5 Bg7 24. Qe4 e6 25. Ne3 Qe8 26. f4 f6 27. exf6 Rxf6 28. Rbe1 Qf7 29. a4 Kf8 30. Qb1 Re8 31. dxe6 Rfxe6 32. f5 gxf5 33. Rxf5 Rf6 34. Rxf6 Bxf6 35. Qd3 Kg8 36. Rf1 Qe6 37. Nd5 Bd8 38. Rf2 h4 39. Nf4 Qe4+ 40. Qf3 hxg3 41. hxg3 Bf6 42. Re2 Qxf3+ 43. Kxf3 Rf8 44. Ke4 Kf7 45. Kd5 Rd8+ 46. Kc6 Rd4 47. Nd5 Rxc4 48. Rf2 Rxa4 49. Rxf6+ Kg7 50. Rf3 Rd4 51. Nxc7 1-0

[Event "Baden-ch"]
[Site "Emmendingen"]
[Date "2012.06.10"]
[Round "9"]
[White "Schlenker, Joerg"]
[Black "Ruff, Maximilian"]
[Result "1/2-1/2"]
[WhiteElo "2213"]
[BlackElo "2018"]
[PlyCount "38"]
[EventDate "2012.06.04"]
[EventType "swiss"]
[EventRounds "9"]
[EventCountry "GER"]
[SourceTitle "CBM 148 Extra"]
[Source "ChessBase"]
[SourceDate "2012.06.22"]
[SourceVersion "1"]
[SourceVersionDate "2012.06.22"]
[SourceQuality "1"]

1. d4 Nf6 2. Nc3 c5 3. d5 d6 4. e4 g6 5. Be2 Bg7 6. g4 h6 7. h4 h5 8. gxh5 Nxh5 9. Nh3 Bf6 10. Ng5 Nd7 11. a4 Ne5 12. Ra3 a6 13. Nb1 Rb8 14. c4 Ng7 15. Rg3 Nh5 16. Rg2 Qb6 17. f4 Nd7 18. Qc2 Qb4+ 19. Kf1 b5 1/2-1/2

[Event "Verbandsliga Sued Baden 0910"]
[Site "Germany"]
[Date "2009.10.11"]
[Round "1.1"]
[White "Schlenker, Joerg"]
[Black "Merkel, Markus"]
[Result "0-1"]
[WhiteElo "2238"]
[BlackElo "2190"]
[PlyCount "96"]
[EventDate "2009.10.11"]
[EventType "team-tourn"]
[EventRounds "9"]
[EventCountry "GER"]
[SourceTitle "EXT 2011"]
[Source "ChessBase"]
[SourceDate "2010.11.26"]
[SourceVersion "1"]
[SourceVersionDate "2010.11.26"]
[SourceQuality "1"]
[WhiteTeam "Donaueschingen"]
[BlackTeam "Iffezheim"]
[WhiteTeamCountry "GER"]
[BlackTeamCountry "GER"]

1. Nf3 Nf6 2. Nc3 d5 3. d4 Bf5 4. Ne5 e6 5. e3 h6 6. g4 Bh7 7. Bd3 Nbd7 8. Bxh7 Nxh7 9. Qe2 c6 10. Bd2 Bd6 11. f4 Qh4+ 12. Kd1 Bxe5 13. dxe5 0-0-0 14. Kc1 Qe7 15. e4 d4 16. Nd1 f6 17. exf6 Nhxf6 18. a4 Nc5 19. Nf2 Rd7 20. Ra3 Na6 21. h4 h5 22. g5 Ne8 23. Nd3 Rd8 24. Ne5 Qc7 25. Ng6 Rg8 26. Qxh5 Nd6 27. Qe2 Nc5 28. e5 Nf5 29. Qc4 Rd5 30. h5 Qf7 31. b4 Ne4 32. Be1 Rgd8 33. Qd3 Nc3 34. Bxc3 dxc3 35. Qxc3 Qd7 36. Kb2 Rd1 37. Rh2 Qd5 38. h6 gxh6 39. gxh6 Rh1 40. Rxh1 Qxh1 41. Qh3 Rd1 42. Rd3 Rb1+ 43. Kc3 Qe4 44. Rd6 Qxb4+ 45. Kd3 Rd1+ 46. Ke2 Qe1+ 47. Kf3 Qe3+ 48. Kg2 Rg1+ 0-1

[Event "Neuhausen OBM op"]
[Site "Neuhausen"]
[Date "2008.05.25"]
[Round "9"]
[White "Heimers, Remy"]
[Black "Schlenker, Joerg"]
[Result "0-1"]
[WhiteElo "2079"]
[BlackElo "2297"]
[PlyCount "142"]
[EventDate "2008.05.20"]
[EventType "swiss"]
[EventRounds "9"]
[EventCountry "GER"]
[SourceTitle "CBM 124 Extra"]
[Source "ChessBase"]
[SourceDate "2008.07.03"]
[SourceVersion "1"]
[SourceVersionDate "2008.07.03"]
[SourceQuality "1"]

1. e4 c5 2. Nf3 Nc6 3. d4 cxd4 4. Nxd4 Nf6 5. Nc3 d6 6. Bc4 g6 7. f3 Bg7 8. Be3 0-0 9. Qd2 Bd7 10. Bb3 Qa5 11. 0-0-0 Rfc8 12. h4 Ne5 13. h5 Nc4 14. Bxc4 Rxc4 15. hxg6 hxg6 16. Nde2 b5 17. Kb1 b4 18. Nd5 Nxd5 19. Qxd5 Qxd5 20. Rxd5 Rac8 21. Rc1 a6 22. Nf4 Bh6 23. Rd2 f5 24. Nd5 Bxe3 25. Nxe3 R4c5 26. exf5 gxf5 27. Nd5 Kf7 28. Nxb4 Rb5 29. Nd5 e5 30. c4 Rb7 31. b3 f4 32. Nc3 Bf5+ 33. Kb2 Rb6 34. Rcd1 Ke6 35. Re1 Rb7 36. Ka3 Rg7 37. Red1 Rc6 38. Re1 Rg6 39. Nd5 Kf7 40. Nc3 Rc8 41. Kb2 Rcg8 42. Ree2 Rh8 43. c5 dxc5 44. Rxe5 Be6 45. Rde2 Rh2 46. Rxc5 Rgxg2 47. Rce5 Bh3 48. Kc2 Kg6 49. Kd2 Rh1 50. Nd5 Rxe2+ 51. Rxe2 Kg5 52. Re5+ Bf5 53. Kc3 Rf1 54. Ne7 Rxf3+ 55. Kd2 Rd3+ 56. Ke2 f3+ 57. Kf2 Kg4 58. Nxf5 Rd2+ 59. Kf1 Rxa2 60. Nd4 Kf4 61. Re8 Ra1+ 62. Re1 Ra2 63. Rb1 Rd2 64. Ne6+ Kg3 65. Nc5 Rf2+ 66. Kg1 Re2 67. Nxa6 Rg2+ 68. Kf1 Rh2 69. Kg1 f2+ 70. Kf1 Rh1+ 71. Ke2 Rxb1 0-1

[Event "Neuhausen OBM op"]
[Site "Neuhausen"]
[Date "2008.05.24"]
[Round "8"]
[White "Schlenker, Joerg"]
[Black "Halt, David"]
[Result "1/2-1/2"]
[WhiteElo "2297"]
[BlackElo "2044"]
[PlyCount "79"]
[EventDate "2008.05.20"]
[EventType "swiss"]
[EventRounds "9"]
[EventCountry "GER"]
[SourceTitle "CBM 124 Extra"]
[Source "ChessBase"]
[SourceDate "2008.07.03"]
[SourceVersion "1"]
[SourceVersionDate "2008.07.03"]
[SourceQuality "1"]

1. Nc3 d5 2. d4 f5 3. Bg5 Nf6 4. f3 g6 5. Qd2 h6 6. Bxf6 exf6 7. 0-0-0 Be6 8. Nh3 h5 9. Qd3 Bh6+ 10. Kb1 c6 11. e4 0-0 12. exd5 cxd5 13. g4 hxg4 14. fxg4 Kh7 15. gxf5 Bxf5 16. Qf3 Qd7 17. Nf2 Nc6 18. Nxd5 Bxc2+ 19. Kxc2 Qxd5 20. Qxd5 Nb4+ 21. Kb3 Nxd5 22. Ng4 Bg7 23. Bg2 Rad8 24. Rhe1 f5 25. Ne5 f4 26. Be4 Bxe5 27. dxe5 Ne3 28. Rc1 Rd7 29. Rg1 Rg7 30. Rc3 Re8 31. Rg5 Kh6 32. h4 Rf8 33. Rd3 Nf5 34. Rg4 g5 35. hxg5+ Rxg5 36. Rh3+ Rh5 37. Rd3 Rg5 38. Rh3+ Rh5 39. Rd3 Rg5 40. Rh3+ 1/2-1/2